Advanced Human Resource Management: (Record no. 189643)

MARC details
000 -LEADER
fixed length control field 00640nam a22001817a 4500
005 - DATE AND TIME OF LATEST TRANSACTION
control field 20220708144529.0
010 ## - LCCN (DPL NO)
LC control number ENG-133446
020 ## - INTERNATIONAL STANDARD BOOK NUMBER
International Standard Book Number 9789382730422
Terms of availability 1395.00
035 ## - SYSTEM CONTROL NUMBER
System control number EN-116978
037 ## - SOURCE OF ACQUISITION
Source of stock number/acquisition DBAD/PUB
082 ## - DEWEY DECIMAL CLASSIFICATION NUMBER
Classification number 658.3
100 ## - MAIN ENTRY--PERSONAL NAME
Personal name Deshmukh, Prakash A.
245 ## - TITLE STATEMENT
Title Advanced Human Resource Management:
Remainder of title Strategic Perspective/
Statement of responsibility, etc Prakash A. Deshmukh
260 ## - PUBLICATION, DISTRIBUTION, ETC. (IMPRINT)
Place of publication, distribution, etc Kanpur
Name of publisher, distributor, etc Garima Prakashan
Date of publication, distribution, etc 2018
270 ## - ADDRESS
City kanpur
Postal code 208021
Address 132, 1st Floor, Mayur Park, Basant Vihar, Naubasta
Telephone number 09415200584
Electronic mail address garima.prakashan@gmail.com
300 ## - PHYSICAL DESCRIPTION
Extent 352p.
Dimensions 22cm(hb)
Other physical details Index, Bibliography
942 ## - ADDED ENTRY ELEMENTS (KOHA)
Source of classification or shelving scheme Dewey Decimal Classification
Item type English Books
Classification part 658.3
Call number suffix DES
Holdings
Withdrawn status Lost status Not for loan Collection code Home library Current library Date acquired Source of acquisition Cost, normal purchase price Full call number Barcode Cost, replacement price Koha item type
      Non-fiction Sarojini Nagar Sarojini Nagar 08/07/2022 DBAD/PUB 1395.00 658.3 DES EN-116978 1395.00 English Books

© Delhi Public Library
Hit Counter
free hit counter